header

Guidelines for engineering design for process safety (Record no. 52792)

MARC details
000 -LEADER
fixed length control field 02233nam a2200325 a 4500
082 04 - DEWEY DECIMAL CLASSIFICATION NUMBER
Classification number 660/.2804
245 00 - TITLE STATEMENT
Title Guidelines for engineering design for process safety
250 ## - EDITION STATEMENT
Edition statement 2nd ed.
260 ## - PUBLICATION, DISTRIBUTION, ETC. (IMPRINT)
Place of publication New York, N.Y. :
Name of publisher Center for Chemical Process Safety ;
Place of publication Hoboken, N.J. :
Name of publisher Wiley,
Year of publication c2012.
300 ## - PHYSICAL DESCRIPTION
Number of Pages xxxviii, 398 p. :
Other physical details ill.
520 ## - SUMMARY, ETC.
Summary, etc "This updated version of one of the most popular and widely used CCPS books provides plant design engineers, facility operators, and safety professionals with key information on selected topics of interest. The book focuses on process safety issues in the design of chemical, petrochemical, and hydrocarbon processing facilities. It discusses how to select designs that can prevent or mitigate the release of flammable or toxic materials, which could lead to a fire, explosion, or environmental damage. Key areas to be enhanced in the new edition include inherently safer design, specifically concepts for design of inherently safer unit operations and Safety Instrumented Systems and Layer of Protection Analysis. This book also provides an extensive bibliography to related publications and topic-specific information, as well as key information on failure modes and potential design solutions"--
650 #0 - SUBJECT ADDED ENTRY--TOPICAL TERM
Topical Term Chemical plants
856 40 - ELECTRONIC LOCATION AND ACCESS
Uniform Resource Identifier http://site.ebrary.com/lib/rucke/Doc?id=10630543
520 ## - SUMMARY, ETC.
-- Provided by publisher.

No items available.

© 2026 Rongo University
Contact us: librarian | system librarian | Rongo university